| 000 -LEADER |
| fixed length control field |
00907nam a22001937a 4500 |
| 001 - CONTROL NUMBER |
| control field |
469 |
| 003 - CONTROL NUMBER IDENTIFIER |
| control field |
BD-DhUAP |
| 005 - DATE AND TIME OF LATEST TRANSACTION |
| control field |
20201112104141.0 |
| 008 - FIXED-LENGTH DATA ELEMENTS--GENERAL INFORMATION |
| fixed length control field |
201112r19892000bg a|||| |||| 00| 0 ben d |
| 040 ## - CATALOGING SOURCE |
| Original cataloging agency |
BD-DhUAP |
| Language of cataloging |
Ben |
| Transcribing agency |
BD-DhUAP |
| Modifying agency |
BD-DhUAP |
| 082 ## - DEWEY DECIMAL CLASSIFICATION NUMBER |
| Edition number |
23 |
| Classification number |
539.7 ISL |
| 100 ## - MAIN ENTRY--PERSONAL NAME |
| Personal name |
ইসলাম, এ. কে. এম. আজহারুল। |
| 245 ## - TITLE STATEMENT |
| Title |
নিউক্লীয় পদার্থ বিজ্ঞান / |
| Statement of responsibility, etc. |
এ. কে. এম. আজহারুল ইসলাম এবং এম. আমিনুল ইসলাম। |
| 260 ## - PUBLICATION, DISTRIBUTION, ETC. |
| Place of publication, distribution, etc. |
ঢাকা : |
| Name of publisher, distributor, etc. |
রাজশাহী বিশ্ববিদ্যালয়, |
| Date of publication, distribution, etc. |
১৯৮৯ [মুদ্রণ ২০০০]। |
| 300 ## - PHYSICAL DESCRIPTION |
| Extent |
[১৫], ৫০১ পৃষ্ঠা : |
| Other physical details |
চিত্র ; |
| Dimensions |
২২ সেমি.। |
| 650 ## - SUBJECT ADDED ENTRY--TOPICAL TERM |
| Topical term or geographic name entry element |
Nuclear Physics. |
| 700 ## - ADDED ENTRY--PERSONAL NAME |
| Personal name |
ইসলাম, এম. আমিনুল। |
| 942 ## - ADDED ENTRY ELEMENTS (KOHA) |
| Source of classification or shelving scheme |
|
| Koha item type |
Book |